000
00283nam a22001217a 4500
008
180920b xxu||||| |||| 00| 0 eng d
041
_a
eng
080
_2
3rd
_a
038
100
_a
23
101
_a
FJA
245
_a
Webster's new world college dictionary
_c
Neufeldt,V
942
_2
udc
_c
BK
999
_c
48114
_d
48114